Nuestros bosques en peligro /
Guardado en:
| Autor Corporativo: | |
|---|---|
| Formato: | |
| Series: | Greenpeace
|
| Materias: | |
| Etiquetas: |
Agregar Etiqueta
Sin Etiquetas, Sea el primero en etiquetar este registro!
|
| LEADER | 00881ngm a22002535g 4500 | ||
|---|---|---|---|
| 001 | CEM.cems022514 | ||
| 008 | 130507b2000##################0###0#####d | ||
| 005 | 20241105164231.0 | ||
| 245 | 1 | 0 | |a Nuestros bosques en peligro / |c ATC. |
| 300 | |a 19'. | ||
| 490 | 0 | |a Greenpeace | |
| 500 | |a En soporte VHS, consultar en ventanilla. | ||
| 505 | 0 | |a El problema de la tala indiscriminada de bosques. Su incidencia en el suelo y el clima. Los incendios de bosques. Campañas de concientización. | |
| 538 | |a Soporte: VHS - Norma: Pal N - Color: Si - Grabación DRD 2000 - Hitachi=1405 | ||
| 110 | 2 | |a ATC. | |
| 082 | 5 | 7 | |. 5/EDU |
| 653 | |a ECOLOGIA | ||
| 653 | |a MEDIO AMBIENTE | ||
| 653 | |a BOSQUES | ||
| 653 | |a FORESTACION | ||
| 653 | |a GREENPEACE | ||
| 653 | |a NIVEL PRIMARIO | ||
| 653 | |a NIVEL SECUNDARIO | ||
| 859 | |a CEMS |b BIB. CEMS - Depto. Recursos Didacticos |h 574.5 |i EDU |k DRD |p 1157.12 |t Ej.1 | ||
